| 000 | 00519nam a2200169Ia 4500 | ||
|---|---|---|---|
| 008 | 230917s9999||||xx |||||||||||||| ||und|| | ||
| 020 | _cUSD 120.00 (RS 9943.20) | ||
| 040 |
_e5007670 _aMAIN |
||
| 041 | _aEnglish | ||
| 082 | _a595.7 B416I | ||
| 100 | _aBelles, Xavier | ||
| 245 | 0 | _aInsect metamorphosis: From natural history to regulation of development and evolution | |
| 260 |
_aLondon _bAcademic Press _c2020 |
||
| 300 | _axii, 289 p. | ||
| 500 | _a4705 08/12/2022 HBD23/9717 15/02/2023 Main Budget | ||
| 942 | _cBK | ||
| 999 |
_c6710 _d6710 |
||